Kubkov víkend s ockom

Bibliographic Details
Main Author: Tielmann, Christian, 1971- (Author)
Other Authors: Kraushaar, Sabine, 1972- (Illustrator), Dodoková, Zuzana 1977- (Translator)
Format: Book
Language:Slovak
German
PhysicalDescription:23 nečíslovaných strán farebné ilustrácie, farebné ilustrované listy 20 cm
Published: Bratislava Verbarium 2024
ISBN:9788082191250
Subjects:

MARC

LEADER 00000cam a2200000 4500
001 vtls012278354
003 SK-MaSNL
005 20260301061133.0
008 250619s2024 xo af a 000 j slo
015 |a SNBA2025/07 
020 |a 9788082191250  |q (viazané) 
040 |a SNK  |b slo  |c SNK  |e rda 
041 1 |a slo  |h ger 
044 |a xo  |c SK 
072 7 |a 821.112.2-3  |x Nemecká próza, nemecky písaná  |2 konspekt 
072 7 |a 82-93  |x Literatúra pre deti a mládež (beletria)  |2 konspekt 
080 |a 821.112.2-32  |2 2011 
080 |a 82-93-053.4/.5  |2 2011 
100 1 |a Tielmann, Christian,  |d 1971-  |4 aut  |9 229863 
240 1 0 |a Max und das Papa-Wochenende  |l Slovensky 
245 1 0 |a Kubkov víkend s ockom  |c napísal Christian Tielmann ; ilustrovala Sabine Kraushaar ; preložila Zuzana Dodoková 
264 1 |a Bratislava  |b Verbarium  |c 2024 
300 |a 23 nečíslovaných strán  |b farebné ilustrácie, farebné ilustrované listy  |c 20 cm 
336 |a text  |b txt  |2 rdacontent 
336 |a statický obraz  |b sti  |2 rdacontent 
337 |a bez média  |b n  |2 rdamedia 
338 |a zväzok  |b nc  |2 rdacarrier 
500 |a Preložené z nemčiny 
521 8 |a Pre deti od 3 rokov 
655 7 |a nemecké príbehy  |2 SNKPH  |9 70667 
655 7 |a literatúra pre deti  |2 SNKPH  |9 87135 
655 7 |a German stories  |2 SNKPHeng  |9 315928 
655 7 |a Children's literature  |2 SNKPHeng  |9 276039 
700 1 |a Kraushaar, Sabine,  |d 1972-  |4 ill  |9 229864 
700 1 |a Dodoková, Zuzana  |d 1977-  |4 trl  |9 161052 
787 0 8 |i Zo série:  |t Kamarát Kubko 
852 |a Slovenská národná knižnica 
919 |a 978-80-8219-125-0 
954 |a beletria cudzojazyčná (svetová)  |2 lita 
958 |a LX 
958 |a DB 
958 |a UP 
968 |b DT 
999 |c 616888  |d 618818 
952 |a SNK  |b SNK  |y PREZ  |7 0  |p 17A1575245  |o snkSD 93422  |i snk2025/9770  |8 0  |0 0  |1 0  |4 0  |d 2025-06-19  |l 0  |r 2026-02-23 16:42:20  |w 2026-02-23 
952 |a SNK  |b SNK  |y PREZ  |7 0  |p 17A1575246  |o snkSD 93422 D1  |i snk2025/9771  |8 0  |0 0  |1 0  |4 0  |d 2025-06-19  |l 0  |r 2026-02-23 16:42:20  |w 2026-02-23